| 000 | 00541nam a2200229Ia 4500 | ||
|---|---|---|---|
| 005 | 20250425162704.0 | ||
| 008 | 250425s9999 xx 000 0 und d | ||
| 020 | _a8432064645 | ||
| 041 | _aspa | ||
| 043 | _asp | ||
| 082 | _a591 | ||
| 100 | _aGRASSE, PIERRE PAUL | ||
| 245 | 0 | _aLA VIDA DE LOS ANIMALES: LA POBLACIÓN DE LA TIERRA V.1 | |
| 250 | _a1 ED | ||
| 260 | _aBARCELONA | ||
| 260 |
_aEspaña _bPLANETA _c1982 |
||
| 300 | _a199 | ||
| 650 | _aLITERATURA | ||
| 710 | _aEDITORIAL PLANETA | ||
| 942 | _c01 | ||
| 010 | _a96887 | ||
| 999 |
_c234397 _d234397 |
||